1458 1727 1250 1066 1354 1183 1207 1305 1562 1748 1683 1853 1937 1127 1503 1545 1655 1462 1428 1681 1150 1273 1730 1933 1673 1248 1043 1919 1437 1437 1904 1903 1254 1464 1893 1465 1008 1401 1317 1029 1012 1345 1379 1035 1309 1757 1455 1773 1023 1392 1381 1960 1596 1127 1694 1903 1434 1763 1512 1629 1270 1035 1044 1434 1044 1984 1684 1816 1302 1192 1099 1702 1343 1347 1262 1677 1362 1257 1521 1473 1518 1992 1399 1481 1750 1698 1768 1384 1865 1966 1708 1659 1356 1476 1609 1443 1406 1329 1241 BCNSPRNW ULIB Ver.6.0+V

เปลี่ยนเป็นภาษาไทย

Change to English
 แสดงรายละเอียดบรรณานุกรม
  กลับหน้าหลัก

Brief Record : Get Marc (ISO 2709) : E-mail record : QR code < ปิดหน้าต่าง
LEADER : 00000nam 2200000uu 4500
001    13399122161
003     ULIB
008    130107s2555||||th 000 0 tha d
020    ^a9789743652677
060  4 ^aWW210^bธ451ต
100 0  ^aธัญญพัทธ์ เบญจวลีย์มาศ
245 10 ^aตาโปน =^bThe proptosis /^cธัญญพัทธ์ เบญจวลีย์มาศ
246 31 ^aThe proptosis
250    ^aพิมพ์ครั้งที่ 1
260    ^aสงขลา :^bหน่วยผลิตตำรา คณะแพทยศาสตร์มหาวิทยาลัยสงขลานครินทร์,^c2555
300    ^a[8], 259 หน้า :^bภาพประกอบ
650  7 ^aตาโปน
650  7 ^aตา^xโรค^xการวินิจฉัย
650  7 ^aตา^xโรค^xการรักษา
710 2  ^aมหาวิทยาลัยสงขลานครินทร์.^bคณะแพทยศาสตร์.^bหน่วยผลิตตำรา
945    ^p0^l0^i19618
995    ^aกัณชพร
999    ^aกัณชพร
รายการนี้ยังไม่มีแท็ก
คุณยังไม่ได้ล็อกอิน คุณสามารถมีกิจกรรมร่วมกับเว็บไซต์ได้ แต่ต้องล็อกอินก่อน ::
  ล็อกอิน

รายการสื่อสารสนเทศ

ลำดับที่ ประเภท เลขเรียก/บาร์โค้ด สถานที่ สถานะ
1. วิทยาศาสตร์การแพทย์ และสุขภาพ
วิทยาศาสตร์การแพทย์ และสุขภาพ
สถานะ=หนังสือเก่า
WW210 ธ451ต  
  Barcode: 19618
ห้องสมุดวิทยาเขตนครสวรรค์
►ส่วนจัดเก็บหนังสือเก่า นว.
บนชั้น
  ขอยืม

รายการใกล้เคียง
    ผู้แต่ง [ธัญญพัทธ์ เบญจวลีย์มาศ]

    หัวเรื่อง [ตาโปน]

BibComment


ยังไม่เคยถูกคอมเมนท์

คอมเมนท์ทรัพยากรรายการนี้
  คอมเมนท์: ตาโปน The propt..


 Copyright 2026. Bcnsprnw @Library